000 00507nam a2200169Ia 4500
008 230718s9999 xx 000 0 und d
020 _a9780593084342
041 _aeng
082 _a327.117
_bSPA
100 _aSpalding R.
_9129995
245 _aStealth War
_bHow China Took Over While America's Elite Slept
260 _c2019
_bPortfolio /Penguin
300 _a234
365 _cRs.
_b699.00
700 _aSpalding R. & Kaufman S.
_9202048
906 _dO:0706518-Feb-2020B:566003-Feb-2020
_cGENRL
_b174.75
999 _c351292
_d351292